000
00206nam a22000977a 4500
041
_a
ENG
245
_a
Gate Notes Ape (Jrf )
260
_a
Dapoli
_b
Caet
_c
2001
650
_a
APE
856
_u
Competitive Exam ( 35 )
999
_c
982
_d
982